000 00303nam a2200097Ia 4500
008 201231s9999 xx 000 0 und d
100 _aSeker, K R
245 0 _aPlanning successful employee performance: A practical guide to planning individual achievement
260 _aNew Delhi
_bWheeler pub
942 _cBK
999 _c9743
_d9743